Responses for show #2102 - Tuesday, October 26, 1993

Rachael Schwartz game 3.
Missing contestant introductions and first 11 clues of the Jeopardy! Round.

Contestants

Denise Rechter, an attorney from

Jim Newman, originally from Stevens Point, Wisconsin

Rachael Schwartz, an attorney from Bedminster, New Jersey (whose 2-day cash winnings total $12,699)

[next game >>]

Jeopardy! Round responses

THE BODY HUMAN
TELEVISION
MUSICAL INSTRUMENTS
=
COOKING WITH GRAHAM KERR
LEFTOVERS
    $100 25
the cranium

Rachael
    $100 1
=

Triple Stumper
    $100 2
=

Rachael
    $100 4
=

Rachael
    $100 9
=

Rachael
    $100 20
a caravel

Jim
    $200 26
the appendix

Jim
    $200 17
The Addams Family

Denise
    $200 3
=

Denise
    $200 5
=

Rachael
    $200 10
=

Rachael
    $200 21
Aphrodite

Jim
    $300 27
the leg

Jim
    $300 18
Mr. Rogers

Denise
    $300 14
a harpsichord

Jim
    $300 6
=

Rachael
    $300 11
=

Rachael
    $300 22
Hebrew

Rachael
    $400 29
the kidneys

Rachael
    $400 19
Benson

Rachael
    $400 15
the oboe

Jim
    $400 7
=

Jim
    $400 12
kiwi fruit

Rachael
    $400 23
turquoise

Rachael
    $800 30
(Rachael: [Shakes head])
(Alex: Pick an organ.)
(Rachael: What is the stomach?)
(Alex: Wrong organ.)

the liver

Rachael
    $500 28
Green Acres

Rachael
    $500 16
the dulcimer

Jim
    $500 8
=

Rachael
    $500 13
clam

Triple Stumper
    $500 24
Teddy Roosevelt

Rachael

Scores at the first commercial break (after clue 15):

Rachael Jim Denise
$2,200 $1,100 $200

Scores at the end of the Jeopardy! Round:

Rachael Jim Denise
$4,000 $2,400 $700

Double Jeopardy! Round responses

1970
PARKS
LITERARY POTPOURRI
ARTISTS
ANTHROPOLOGY
MUTINY!
    $200 1
Alabama

Jim
    $200 21
buffalo (or bison)

Jim
    $200 4
(Denise: Who is Be... [*]?)
(Alex: Samuel Beckett, right.)

Sam Beckett

Denise
    $200 11
Gauguin

Rachael
    $200 16
a dig

Rachael
    $200 22
Bligh

Rachael
    $400 2
Arthur Ashe

Jim
    $400 23
Ethan Allan

Jim
    $400 7
(Denise: What is the United States?)

Italy

JimDenise
    $400 12
(Grant) Wood

Jim
    $400 17
(Denise: What is a cave?)

a rock (a piece of stone)

JimDenise
    $400 27
Magellan

Rachael
    $600 3
Sukarno

Rachael
    $600 24
Holland

Jim
    $600 8
Edward Lear

Triple Stumper
    $2,000 13
(Jim: Who is Picasso?)
...
(Alex: Important word there, "Toledo".)

El Greco

Jim
    $600 18
England

Jim
    $600 28
(Andrew) Jackson

Rachael
    $1,000 5
Nigeria

Denise
    $800 25
Diamond Head

Jim
    $800 9
Sir Walter Scott

Triple Stumper
    $800 14
Peter Paul Rubens

Triple Stumper
    $800 19
polyandry

Rachael
    $800 29
the Potemkin

Rachael
    $1000 6
(Norodom) Sihanouk

Rachael
    $1000 26
Battery Park

Denise
    $1000 10
Irwin Shaw

Rachael
    $1000 15
Botticelli

Rachael
    $1000 20
animism

Rachael
    $1000 30
the Sepoy Revolt

Rachael

Scores at the end of the Double Jeopardy! Round:

Rachael Jim Denise
$12,800 $4,800 $2,100
(lock game)

[wagering suggestions for these scores]

Final Jeopardy! Round responses

WORLD CITIES
(Alex: In fact, the name of the city has become synonymous, in many places, with the cap itself.)
DeniseWhat is Tunis Fez?
$100
JimWhat is Fez
$4,800
RachaelWhat is Fez?
$2,200
Fez

Final scores:

Rachael Jim Denise
$15,000 $9,600 $2,200
3-day champion: $27,699 2nd place: a trip to Atlanta, Georgia + home game 3rd place: a Gibson refrigerator + home game

Game dynamics:

Coryat scores:

Rachael Jim Denise
$13,600 $6,800 $1,900
29 R,
1 W
(including 1 DD)
18 R,
1 W
(including 1 DD)
6 R
(including 1 DD),
2 W

Combined Coryat: $22,300

The J! Archive is created by fans, for fans. The Jeopardy! game show and all elements thereof, including but not limited to copyright and trademark thereto, are the property of Jeopardy Productions, Inc. and are protected under law. This website is not affiliated with, sponsored by, or operated by Jeopardy Productions, Inc. Join the discussion at JBoard.tv.